| 000 | 00786nam a2200181Ia 4500 | ||
|---|---|---|---|
| 008 | 100921s9999 xx 000 0 und d | ||
| 082 |
_b27775 _a321 थ 95 |
||
| 100 | _aजाधव जे.के. | ||
| 245 | _aस्वयंरोजगारासाठी अर्थसहाय्य. | ||
| 260 |
_bसाकेत प्रकाशन,औरंगाबाद. _c1995 |
||
| 300 |
_a111 _bरसिक साहित्य,पुणे |
||
| 365 | _b60 | ||
| 520 | _aस.शा.राज्यशासन. | ||
| 630 | _aस्वयंरोजगारासाठी अर्थसहाय्य. | ||
| 650 | _aस.शा.राज्यशासन. | ||
| 730 | _aस्वयंरोजगारासाठी अर्थसहाय्य. | ||
| 942 | _cBOOK | ||
| 999 |
_c776888 _d776885 |
||